000 00216nam a2200109Ia 4500
100 _aSlides
942 _cBK
654 _anuts
245 _aSlide Chart F3 :Nuts
260 _bSlide o chart
_aPune
546 _aENGLISH
999 _c29157
_d29157